| 000 | 00597nam a2200121 4500 | ||
|---|---|---|---|
| 999 |
_c14072 _d14072 |
||
| 008 | 190731b ||||| |||| 00| 0 eng d | ||
| 100 |
_939080 _aMateo, Janvic |
||
| 245 |
_aDeped to educators: strike balance between technology, humanities: _bKuala Lumpur- a ranking official of the department of education (Deped) has underscored the need to balance the use of technology with educating students on humanities to ensure that they develop holistically/ _cJanvic Mateo |
||
| 260 |
_aPhilippines: _bThe Philippine Star; _cc2019. |
||
| 300 | _apage 14. | ||
| 650 | 0 |
_939081 _aTechnology. |
|
| 942 |
_2ddc _cPER |
||